History Quiz

Random History or Politics Quiz

U. S. Federal Agencies Quiz Stats

 Plays Quiz not verified by Sporcle

Score 0/193 Timer 15:00
0 Plays Today
Branch Department, Agency or Office % Correct
Executive BranchFederal Bureau of Investigation
81.2%
IndependentCentral Intelligence Agency
77.3%
Executive BranchU. S. Department of Homeland Security
68.8%
IndependentSecurities and Exchange Commission
66.6%
Executive BranchDepartment of the Navy
65.9%
Executive BranchNational Security Agency
64.6%
Executive BranchDepartment of the Army
64%
Executive BranchDepartment of the Air Force
62.2%
Executive BranchU. S. Department of Defense
61.8%
Executive BranchFood and Drug Administration
61.8%
IndependentFederal Reserve System
61.1%
IndependentEnvironmental Protection Agency
60.7%
IndependentNational Aeronautics and Space Administration
59.6%
IndependentFederal Communications Commission
58.7%
Executive BranchU. S. Department of the Treasury
58.3%
Executive BranchU. S. Department of Agriculture
58.1%
Executive BranchU. S. Department of Justice
57.2%
Executive BranchU. S. Department of Education
57.2%
Executive BranchDrug Enforcement Administration
57%
Executive BranchU. S. Department of Veterans Affairs
56.6%
Executive BranchU. S. Coast Guard
56.6%
Executive BranchU. S. Department of Transportation
55%
Executive BranchInternal Revenue Service
55%
Executive BranchU. S. Department of Health and Human Services
53.7%
Executive BranchU. S. Department of Energy
53.3%
Executive BranchU. S. Department of State
52.8%
IndependentSocial Security Administration
52.6%
Executive BranchU. S. Department of Housing and Urban Development
52%
IndependentU. S. Postal Service
52%
Executive BranchU. S. Department of Commerce
51.7%
Executive BranchU. S. Secret Service
51.7%
Executive BranchBureau of Alcohol, Tobacco, Firearms and Explosives
51.7%
Executive BranchFederal Aviation Administration
50.7%
Executive BranchU. S. Department of the Interior
50%
Executive BranchFederal Emergency Management Agency
49.1%
Executive BranchTransportation Security Administration
47.8%
Executive BranchOccupational Safety and Health Administration
46.5%
Executive BranchNational Park Service
46.3%
Legislative BranchLibrary of Congress
46.1%
Executive BranchU. S. Department of Labor
45.6%
Executive BranchU. S. Mint
45%
IndependentFederal Deposit Insurance Corporation
44.5%
Executive BranchU. S. Customs and Border Protection
43%
IndependentTennessee Valley Authority
43%
Executive BranchU. S. Immigration and Customs Enforcement
42.1%
Executive BranchBureau of Indian Affairs
41.5%
Executive BranchNational Oceanic and Atmospheric Administration
40.8%
Executive BranchU. S. Marshals Service
40.4%
IndependentFederal Trade Commission
40.4%
Executive BranchCenters for Disease Control and Prevention
39.7%
Executive BranchOffice of Management and Budget
38.9%
IndependentAmtrak
38.6%
IndependentFederal Election Commission
38.2%
Executive BranchNaval Criminal Investigative Service
38%
Executive BranchNational Security Council
37.8%
Legislative BranchCongressional Budget Office
37.3%
IndependentSmall Business Administration
37.3%
Legislative BranchU. S. Capitol Police
37.1%
Executive BranchU. S. Patent and Trademark Office
37.1%
Legislative BranchGovernment Accountability Office
36.2%
Executive BranchFederal Highway Administration
35.2%
Executive BranchU. S. Forest Service
34.3%
IndependentCorporation for Public Broadcasting
34.1%
IndependentPeace Corps
34.1%
IndependentNational Labor Relations Board
33.8%
Branch Department, Agency or Office % Correct
Executive BranchNational Institutes of Health
33.6%
Executive BranchDefense Intelligence Agency
33.4%
Executive BranchFederal Bureau of Prisons
33.4%
IndependentU. S. Agency for International Development
33.4%
IndependentNational Archives and Records Administration
33.2%
IndependentNational Endowment for the Arts
32.8%
Executive BranchExecutive Office of the President
32.3%
Executive BranchBureau of Labor Statistics
32.3%
Executive BranchCouncil of Economic Advisors
32.1%
Executive BranchFish and Wildlife Service
32.1%
Executive BranchU. S. Geological Survey
32.1%
Executive BranchFederal Housing Administation
31.9%
Executive BranchBureau of Engraving and Printing
31.7%
IndependentOffice of Personnel Management
31%
IndependentNuclear Regulatory Commission
30.8%
Legislative BranchCongressional Research Office
30.1%
IndependentEqual Employment Opportunity Commission
30.1%
IndependentOffice of the Director of National Intelligence
29.7%
Executive BranchDefense Advanced Research Projects Agency
29.5%
Executive BranchOffice of the United States Trade Representative
29%
Legislative BranchGovernment Printing Office
28.4%
Executive BranchFarm Service Agency
28.2%
Executive BranchBureau of Land Management
28.2%
Executive BranchOffice of Federal Student Aid
27.7%
Executive BranchU. S. Citizenship and Immigration Services
27.3%
Executive BranchU. S. Attorneys
27.3%
Legislative BranchArchitect of the Capitol
27.1%
Executive BranchFederal Railroad Administration
26.2%
Executive BranchNational Reconnaissance Office
26%
Executive BranchCenters for Medicare and Medicaid Services
26%
Executive BranchFederal Transit Administration
25.8%
Legislative BranchU. S. Copyright Office
25.3%
IndependentCommodity Futures Trading Commission
25.3%
Executive BranchPentagon Force Protection Agency
25.1%
Executive BranchCommodity Credit Corporation
24.9%
Executive BranchMissile Defense Agency
24.7%
Judicial BranchU. S. Sentencing Commission
24.2%
Executive BranchNational Geospatial-Intelligence Agency
24.2%
Executive BranchFederal Law Enforcement Training Center
24.2%
Executive BranchWomen's Bureau
24%
Executive BranchU. S. Parole Commission
23.8%
Executive BranchAgricultural Research Service
23.6%
Executive BranchTemporary Assistance for Needy Families Bureau
23.6%
Executive BranchVeterans Health Administration
23.6%
Executive BranchIndian Health Service
23.4%
Executive BranchVeterans Benefits Administration
23.4%
Judicial BranchAdministrative Office of the United States Courts
23.1%
Executive BranchForeign Agricultural Service
23.1%
Executive BranchNational Cemetery Administration
23.1%
IndependentConsumer Product Safety Commission
22.7%
Executive BranchDefense Security Service
22.5%
Executive BranchAnimal and Plant Health Inspection Service
22.3%
Executive BranchNational Institute of Standards and Technology
22.3%
Executive BranchUnited States National Agricultural Library
22.1%
Executive BranchBureau of Reclamation
22.1%
Executive BranchNational Laboratories and Technology Centers
21.8%
Executive BranchNational Agricultural Statistics Service
21.6%
Executive BranchCouncil on Environmental Quality
21.4%
Executive BranchAdministration for Children and Families
21.2%
Executive BranchBureau of Ocean Energy Management, Regulation and Enforcement
21.2%
Executive BranchBureau of International Labor Affairs
21.2%
Executive BranchEnergy Information Administration
21%
Executive BranchOffice of Science and Technology Policy
20.7%
Executive BranchU. S. Naval Observatory
20.7%
Executive BranchRural Utilities Service
20.5%
Branch Department, Agency or Office % Correct
Executive BranchFederal Energy Regulatory Commission
20.5%
Executive BranchMine Safety and Health Administration
20.5%
Executive BranchMaritime Administration
20.5%
Executive BranchInternational Trade Administration
20.3%
Executive BranchDefense Contract Audit Agency
20.3%
Executive BranchJob Corps
20.3%
Executive BranchEconomic Research Service
20.1%
Executive BranchNational Nuclear Security Administration
20.1%
Executive BranchNational Highway Traffic Safety Administration
20.1%
Executive BranchDefense Logistics Agency
19.9%
Executive BranchEconomics and Statistics Administration
19.7%
Executive BranchPower Marketing Administrations
19.7%
Legislative BranchOffice of Compliance
19.4%
Executive BranchOffice of National Drug Control Policy
19.4%
Executive BranchFood and Nutrition Service
19.4%
Executive BranchEmployment and Training Administration
19.4%
Executive BranchBureau of the Public Debt
19.4%
Executive BranchSubstance Abuse and Mental Health Services Administration
19.2%
Executive BranchFederal Motor Carrier Safety Administration
19.2%
Executive BranchAgency for Healthcare Research and Quality
19%
Executive BranchOffice of Administration
18.8%
Executive BranchRural Housing Service
18.8%
Executive BranchWashington Headquarters Services
18.8%
Executive BranchAdministration on Aging
18.8%
Legislative BranchU. S. Capitol Guide Service
18.6%
Executive BranchUSDA Office of Rurual Development
18.6%
Executive BranchDefense Contract Management Agency
18.6%
Executive BranchDefense Information Systems Agency
18.6%
Executive BranchInstitute of Education Sciences
18.6%
Executive BranchOffice of Special Education and Rehabilitative Services
18.6%
Executive BranchPipeline and Hazardous Materials Safety Administration
18.6%
Executive BranchEmployee Benefits Security Administration
18.3%
Executive BranchBureau of Transportation Statistics
18.3%
Judicial BranchFederal Judicial Center
18.1%
Executive BranchEconomic Development Administration
18.1%
Executive BranchMinority Business Development Agency
18.1%
Executive BranchForeign Claims Settlement Commission
18.1%
Executive BranchU. S. Trustee Program
18.1%
Executive BranchNatural Resource Conservation Service
17.9%
Executive BranchDefense Finance and Accounting Service
17.9%
Executive BranchFinancial Management Service
17.9%
Executive BranchGrain Inspection, Packers and Stockyards Administration
17.7%
Executive BranchRisk Management Agency
17.7%
Executive BranchBureau of Industry and Security
17.7%
Executive BranchDefense Commissary Agency
17.5%
Executive BranchHealth Resources and Services Administration
17.5%
Executive BranchFederal Housing Finance Agency
17.2%
Executive BranchNational Telecommunications and Information Administration
17%
Executive BranchDefense Threat Reduction Agency
17%
Executive BranchNational Institute of Food and Agriculture
16.8%
Executive BranchDefense Security Cooperation Agency
16.8%
Executive BranchNational Technical Institute for the Deaf
16.8%
Executive BranchPresident's Economic Recovery Advisory Board
16.6%
Executive BranchFood Safety and Inspection Service
16.6%
Executive BranchDefense Technical Information Center
16.4%
Executive BranchAdministration for Native Americans
16.4%
Executive BranchOffice of Migrant Education
16.2%
Executive BranchAgricultural Marketing Service
15.9%
Executive BranchPresident's Intelligence Advisory Board
15.7%
Executive BranchAdministration on Developmental Disabilities
15.5%
Executive BranchResearch and Innovative Technology Administration
15.1%
Executive BranchDefense Prisoner of War and Missing Personnel Office
14.8%
Executive BranchOffice of Elementary and Secondary Education
14.2%

You're not logged in!

Compare scores with friends on all Sporcle quizzes.
OR
Log In

Show Comments

Extras

Top Quizzes Today


Score Distribution

Your Account Isn't Verified!

In order to create a playlist on Sporcle, you need to verify the email address you used during registration. Go to your Sporcle Settings to finish the process.

Report this User

Report this user for behavior that violates our Community Guidelines.

Details: